2024中国内地高考试卷所使用的所有文字 All Languages Tested in Gaokao - Statistics

General Stats
  • This quiz has been taken 47 times
  • The average score is 12 of 14
Answer Stats
Hint Answer % Correct
国家通用语言文字 中文(汉文)
100%
主要外语科目 英文
100%
外语小语种 俄文
100%
外语小语种 法文
100%
少数民族语言文字 蒙古文
100%
外语小语种 日文
98%
外语小语种 德文
98%
少数民族语言文字 维吾尔文
98%
少数民族语言文字 藏文
98%
外语小语种 西班牙文
95%
少数民族语言文字 朝鲜文
79%
少数民族语言文字 彝文
55%
少数民族语言文字 哈萨克文
50%
少数民族语言文字 柯尔克孜文
36%
No matching quizzes found
Score Distribution
Percent of People with Each Score
Percentile by Number Answered
Your Score History
You have not taken this quiz